00253 a2200121 4500001000700000020000600007040001100013100002100024240003200045245002700077362000900104440001800113173842 a  cMagnum aAzevedo, Ricardo10aEstao batendo na portalpor10aEstao batendo na porta0 a1899 1aMelhoramentos